LEADER 01819nam a2200361 u 4500 001 000000064742 003 CaOOAMICUS 005 20070226121405.0 008 011123s2000 be u000 u eng u 020 $a90-5867-068-6 (Leuven University Press) 035 $a10911172 040 $aBAV$bita 041 0 $aeng$afre 245 00$aNarrativity in biblical and related texts = :$bla narrativité dans la Bible et les textes apparentés /$cedited by G.J. Brooke and J.-D. Kaestli. 246 31$aNarrativité dans la Bible et les textes apparentés 260 $aLeuven :$bLeuven University Press,$c2000. 300 $axxi, 307, [8] p. ;$c25 cm 490 1 $aBibliotheca Ephemeridum theologicarum Lovaniensium ;$v149 504 $aComprende indicazioni bibliografiche. 546 $aArticoli in inglese e francese. 630 04$aBiblia$vCongressi.$0(OLS)http://pul/subject/9582 630 04$aBiblia$xCritica e interpretazione.$0(OLS)http://pul/subject/2023 700 1 $aKaestli, Jean-Daniel.$0(OLS)http://pul/name/780 700 1 $aBrooke, George J.$0(OLS)http://pul/name/43719 830 0$aBibliotheca Ephemeridum theologicarum Lovaniensium ;$v149.$0(OLS)http://pul/title/1445 850 $aPUL 852 $aPUL$W1$xSL Religione 1$y3$m17 A 149$j83889$nBK-PRI$b $qStampati$B83889$CPULBib$Z2$F83889 $H $81 941 1 $a8 961 $aINV: 87729 996 $6020$a90-5867-068-6 (Leuven University Press)$9(OLS)http://pul/number/84020 996 $6245$aNarrativity in biblical and related texts = :$bla narrativité dans la Bible et les textes apparentés$9(OLS)http://pul/title/86232 996 $6246$aNarrativité dans la Bible et les textes apparentés$9(OLS)http://pul/title/86233 996 $6260$aLeuven :$bLeuven University Press$9(OLS)http://pul/publisher/48301 LEADER 01914nam a2200397 a 4500 001 000000119317 003 CaOOAMICUS 005 20120601145101.0 008 100119m20092012it 000 0 ita r 020 $z978-88-215-6539-7 (v. 1)* 020 $z978-88-215-7250-0 (v. 2)* 040 $aPUL$bita 082 04$a261.5 100 1 $aScognamiglio, Edoardo,$cO.F.M.Conv.,$d1970-$0(OLS)http://pul/name/36773 245 10$aDia-Logos /$cEdoardo Scognamiglio. 260 $aCinisello Balsamo :$bSan Paolo,$c©2009-2012. 300 $a2 v. ;$c21 cm 490 1 $aUniverso teologia ;$v090 ; 096 504 $aBibliografia in nota. 505 0 $av. 1. Prospettive : verso una pedagogia del dialogo. -- v. 2. Orientamenti. Per una teologia del dialogo. 650 4$aDialogo interreligioso.$0(OLS)http://pul/subject/33329 740 00$aProspettive : verso una pedagogia del dialogo. 740 00$aOrientamenti. Per una teologia del dialogo. 830 0$aUniverso teologia ;$v090 ; 096.$0(OLS)http://pul/title/37119 850 $aPUL 852 $aPUL$W1$xSL Religione 3$y85$m261. 5 SCOED 1$j136910$qDDC 21$q$av. 1$B135939$CPULBib$Z2$F135939 $H112031 $81 852 $aPUL$W1$xSL Religione 3$y85$m261. 5 SCOED 2$j149545$av. 2$qDDC 21$B148082$CPULBib$Z2$F148082 $H119832 $82 941 1 $a9 996 $6020$z978-88-215-6539-7 (v. 1)*$9(OLS)http://pul/number/143032 996 $6020$z978-88-215-7250-0 (v. 2)*$9(OLS)http://pul/number/149880 996 $6082$a261.5$9(OLS)http://pul/classification/417 996 $6245$aDia-Logos$9(OLS)http://pul/title/150139 996 $6740$aProspettive : verso una pedagogia del dialogo$9(OLS)http://pul/title/163192 996 $6740$aOrientamenti. Per una teologia del dialogo$9(OLS)http://pul/title/163193 996 $6260$aCinisello Balsamo :$bSan Paolo$9(OLS)http://pul/publisher/54577